Countries that have hosted Arab League summits - Statistics

General Stats
  • This quiz has been taken 29 times
  • The average score is 12 of 13
Answer Stats
Continent Country % Correct
Africa Egypt
100%
Asia Qatar
100%
Africa Algeria
95%
Asia Iraq
95%
Asia Jordan
95%
Asia Kuwait
95%
Africa Morocco
95%
Asia Saudi Arabia
95%
Africa Sudan
95%
Africa Libya
90%
Africa Tunisia
90%
Asia Lebanon
86%
Africa Mauritania
62%
No matching quizzes found
Score Distribution
Percent of People with Each Score
Percentile by Number Answered
Your Score History
You have not taken this quiz